[Event "RSA-chT U20A"]
[White "Matlala, Kabelo"]
[Black "Beyers, Brad"]
[Site "Boksburg"]
[Round "1.5"]
[Result "0-1"]
[Date "2018.12.16"]
[WhiteElo "815"]
[BlackElo "832"]
[PlyCount "150"]
[EventDate "2018.12.16"]
[EventType "team-tourn"]
[EventRounds "7"]
[EventCountry "RSA"]
[SourceTitle "EXT 2020"]
[Source "ChessBase"]
[SourceDate "2019.10.17"]
[SourceVersion "1"]
[SourceVersionDate "2019.10.17"]
[SourceQuality "1"]
[WhiteTeam "Capricorn U20"]
[BlackTeam "Ethekwini U20"]
[WhiteTeamCountry "RSA"]
[BlackTeamCountry "RSA"]

1. e4 e5 2. Bc4 Nf6 3. Nc3 Bc5 4. Nf3 0-0 5. d4 exd4 6. Nxd4 Bxd4 7. Qxd4 Nc6 8. Qd1 Re8 9. Bg5 h6 10. Bxf6 Qxf6 11. Qd5 Nb4 12. Qd1 Qg6 13. Qf3 Nxc2+ 14. Kd1 Nxa1 15. Bxf7+ Qxf7 16. Nd5 Qxf3+ 17. gxf3 Re6 18. Nxc7 Rd6+ 19. Ke2 Rb8 20. Rxa1 b6 21. Nb5 Ba6 22. a4 Rc8 23. Ke1 Bxb5 24. axb5 Rc5 25. Rxa7 Rc1+ 26. Ke2 Rb1 27. Ra8+ Kh7 28. Ke3 g5 29. f4 Re1+ 30. Kf3 Rd3+ 31. Kg2 Rxe4 32. fxg5 Rg4+ 33. Kf1 Rxg5 34. Ra7 Rxb5 35. Ke2 Rd6 36. Ra2 Re5+ 37. Kf1 Rd1+ 38. Kg2 d5 39. b3 d4 40. f4 Ree1 41. f5 Rg1+ 42. Kh3 Rd3+ 43. Kh4 Rf1 44. Kg4 Rdf3 45. Rd2 Rf4+ 46. Kg3 R1f3+ 47. Kg2 Rxb3 48. Rc2 Rxf5 49. Rc7+ Kg6 50. Rc6+ Rf6 51. Rc8 d3 52. Rg8+ Kf7 53. Rd8 Ke7 54. Rd4 Rd6 55. Re4+ Kd7 56. Re1 d2 57. Rd1 Rc3 58. Kf2 b5 59. Ke2 b4 60. Rxd2 Rxd2+ 61. Kxd2 Rc8 62. h3 b3 63. h4 b2 64. h5 b1Q 65. Ke3 Rc3+ 66. Kf4 Qf1+ 67. Ke4 Qf3+ 68. Ke5 Qe3+ 69. Kd5 Qe6+ 70. Kd4 Rc4+ 71. Kd3 Qd5+ 72. Ke3 Re4+ 73. Kf3 Qd3+ 74. Kf2 Re2+ 75. Kf1 Qd1# 0-1